000 00302nam a2200121 a 4500
008 101208s1952|||| d
245 1 0 _aUmenie z blízka
100 1 _aOktavec, František
020 _c56
044 _axo
_cSK
041 _aslo
260 _bSeveroslovenské tlačiarne
_aRužomberok
_c1952
999 _c14870
_d14870